MARC

LEADER 00000nam0a2200000 4500
001 370276
005 20231102012250.0
035 |a (RuTPU)RU\TPU\retro\27684 
090 |a 370276 
100 |a 20220623d1978 km y0rusy50 ca 
101 0 |a rus 
102 |a RU 
105 |a a z 001zy 
200 1 |a Искусственное пополнение подземных вод в системах хозяйственно-питьевого водоснабжения  |f В. М. Берданов, К. С. Боголюбов, Е. И. Моложавая, А. М. Перлина 
210 |a Москва  |c Стройиздат  |d 1978 
215 |a 260 с.  |c ил. 
320 |a Библиогр.: с. 249-255 
606 1 |a Водозаборные скважины  |x Гидравлика  |2 stltpush  |3 (RuTPU)RU\TPU\subj\74885  |9 86837 
610 1 |a подземные воды 
610 1 |a пополнение 
610 1 |a расчеты 
610 1 |a проектирование 
610 1 |a инфильтрация 
610 1 |a соосадители 
610 1 |a качество 
610 1 |a инженерные решения 
675 |a 628.112  |v 4 
701 1 |a Берданов  |b В. М.  |g Владислав Михайлович 
701 1 |a Боголюбов  |b К. С.  |g Константин Сергеевич 
701 1 |a Моложавая  |b Е. И.  |g Екатерина Ивановна 
701 1 |a Перлина  |b А. М.  |g Анна Михайловна 
801 1 |a RU  |b 63413507  |c 20220623 
942 |c BK